000 00300nam a2200109Ia 4500
005 20251222144700.0
008 251222s9999||||xx |||||||||||||| ||spa||
082 _a791.430.9/C76
245 0 _aLos Tratados Cinematográficos de Iberoamérica y el Programa Ibermedia
264 _bCONCYTEC
942 _cLIB
999 _c17397
_d17397